<?xml version="1.0" encoding="UTF-8"?>
<record
    xmlns:xsi="http://www.w3.org/2001/XMLSchema-instance"
    xsi:schemaLocation="http://www.loc.gov/MARC21/slim http://www.loc.gov/standards/marcxml/schema/MARC21slim.xsd"
    xmlns="http://www.loc.gov/MARC21/slim">

  <leader>01333nam a22002417a 4500</leader>
  <controlfield tag="003">DO-SdBNP</controlfield>
  <controlfield tag="005">20211122100828.0</controlfield>
  <controlfield tag="007">ta</controlfield>
  <controlfield tag="008">210706b   2018 dr    00| 0 eng d</controlfield>
  <datafield tag="020" ind1=" " ind2=" ">
    <subfield code="a">9789945609820</subfield>
  </datafield>
  <datafield tag="040" ind1=" " ind2=" ">
    <subfield code="a">DO-SdBNP</subfield>
    <subfield code="b">spa</subfield>
    <subfield code="c">BNPHU </subfield>
  </datafield>
  <datafield tag="082" ind1=" " ind2="4">
    <subfield code="b">I43y</subfield>
  </datafield>
  <datafield tag="100" ind1="1" ind2=" ">
    <subfield code="a">Infante, Martha,</subfield>
    <subfield code="d">1968-</subfield>
    <subfield code="9">79110</subfield>
  </datafield>
  <datafield tag="245" ind1="1" ind2="0">
    <subfield code="a">Yo soy del Ocho, &#xBF;y qu&#xE9;? /</subfield>
    <subfield code="c">Martha Mar&#xED;a Infante Payano. </subfield>
  </datafield>
  <datafield tag="260" ind1=" " ind2=" ">
    <subfield code="a">Santo Domingo : </subfield>
    <subfield code="b">Santuario, </subfield>
    <subfield code="c">2018.</subfield>
  </datafield>
  <datafield tag="300" ind1=" " ind2=" ">
    <subfield code="a">133 p. : </subfield>
    <subfield code="c">23 cm. </subfield>
  </datafield>
  <datafield tag="500" ind1=" " ind2=" ">
    <subfield code="a">Incluye datos biogr&#xE1;ficos de la autora en la solapa de la cubierta.</subfield>
  </datafield>
  <datafield tag="505" ind1="0" ind2=" ">
    <subfield code="a">Yo soy del ocho, &#xBF; Y qu&#xE9;?</subfield>
    <subfield code="t">Maribel en la maternidad --</subfield>
    <subfield code="t">Cristiano de papel --</subfield>
    <subfield code="t">El l&#xE1;piz --</subfield>
    <subfield code="t">El plant&#xF3;n triple --</subfield>
    <subfield code="t">La bruja blasina --</subfield>
    <subfield code="t">El antojo --</subfield>
    <subfield code="t">Mediocridad --</subfield>
    <subfield code="t">L&#xE9;xico refinado --</subfield>
    <subfield code="t">El  boche --</subfield>
    <subfield code="t">Sue&#xF1;o simult&#xE1;neo --</subfield>
    <subfield code="t">El  regalo --</subfield>
    <subfield code="t">Tabar&#xE9; --</subfield>
    <subfield code="t">El diablito.</subfield>
  </datafield>
  <datafield tag="505" ind1="0" ind2=" ">
    <subfield code="a">El hombre que no conoc&#xED;a el amor --</subfield>
    <subfield code="t">Reina de las citas a ciegas --</subfield>
    <subfield code="t">El campamento--</subfield>
    <subfield code="t">Mi coraz&#xF3;n tambi&#xE9;n sabe alem&#xE1;n --</subfield>
    <subfield code="t">Neckley --</subfield>
    <subfield code="t">Do&#xF1;a Carmen y su marido --</subfield>
    <subfield code="t">Acoso --</subfield>
    <subfield code="t">El cuaderno Petete --</subfield>
    <subfield code="t">Yo soy el Ocho --</subfield>
    <subfield code="t">El calentamiento global --</subfield>
    <subfield code="t">La multa --</subfield>
    <subfield code="t">Las lunas de mi madre --</subfield>
    <subfield code="t">Ella me salv&#xF3; --</subfield>
    <subfield code="t">La amonestaci&#xF3;n --</subfield>
    <subfield code="t">Las criadas --</subfield>
    <subfield code="t">La vendedora de cosm&#xE9;ticos --</subfield>
    <subfield code="t">Son m&#xE1;s de 500. </subfield>
  </datafield>
  <datafield tag="590" ind1=" " ind2=" ">
    <subfield code="a">Inventariado, 2021 /LP

</subfield>
  </datafield>
  <datafield tag="910" ind1=" " ind2=" ">
    <subfield code="a">Mfeliz</subfield>
  </datafield>
  <datafield tag="942" ind1=" " ind2=" ">
    <subfield code="2">ddc</subfield>
    <subfield code="c">LBS1</subfield>
  </datafield>
  <datafield tag="952" ind1=" " ind2=" ">
    <subfield code="0">0</subfield>
    <subfield code="1">0</subfield>
    <subfield code="2">ddc</subfield>
    <subfield code="5">1</subfield>
    <subfield code="7">0</subfield>
    <subfield code="8">PD</subfield>
    <subfield code="a">BNPHU</subfield>
    <subfield code="b">PD</subfield>
    <subfield code="c">HD</subfield>
    <subfield code="d">2021-07-06</subfield>
    <subfield code="e">Dep&#xF3;sito Legal </subfield>
    <subfield code="l">0</subfield>
    <subfield code="p">2021-2420</subfield>
    <subfield code="r">2021-07-06</subfield>
    <subfield code="w">2021-07-06</subfield>
    <subfield code="y">LFPD</subfield>
  </datafield>
  <datafield tag="952" ind1=" " ind2=" ">
    <subfield code="0">0</subfield>
    <subfield code="1">0</subfield>
    <subfield code="2">ddc</subfield>
    <subfield code="5">1</subfield>
    <subfield code="7">0</subfield>
    <subfield code="8">PD</subfield>
    <subfield code="a">BNPHU</subfield>
    <subfield code="b">PD</subfield>
    <subfield code="c">HD</subfield>
    <subfield code="d">2021-07-06</subfield>
    <subfield code="e">Dep&#xF3;sito Legal </subfield>
    <subfield code="l">0</subfield>
    <subfield code="p">2021-2421</subfield>
    <subfield code="r">2021-07-06</subfield>
    <subfield code="t">e.2</subfield>
    <subfield code="w">2021-07-06</subfield>
    <subfield code="y">LFPD</subfield>
  </datafield>
  <datafield tag="952" ind1=" " ind2=" ">
    <subfield code="0">0</subfield>
    <subfield code="1">0</subfield>
    <subfield code="2">ddc</subfield>
    <subfield code="5">6</subfield>
    <subfield code="7">0</subfield>
    <subfield code="8">DS</subfield>
    <subfield code="a">BNPHU</subfield>
    <subfield code="b">DO</subfield>
    <subfield code="c">HD</subfield>
    <subfield code="d">2021-07-06</subfield>
    <subfield code="e">Dep&#xF3;sito Legal </subfield>
    <subfield code="l">0</subfield>
    <subfield code="p">2021-2422</subfield>
    <subfield code="r">2021-07-06</subfield>
    <subfield code="t">e.3</subfield>
    <subfield code="w">2021-07-06</subfield>
    <subfield code="y">LFDS</subfield>
  </datafield>
  <datafield tag="999" ind1=" " ind2=" ">
    <subfield code="c">50057</subfield>
    <subfield code="d">50057</subfield>
  </datafield>
</record>
